• 首页
  • 本馆介绍
  • 公告通知
  • 最新文献
  • 馆藏检索
  • 电子资源
  • 读者导购
  • 参考咨询
  • 我的图书馆
  • 登录
  • 详细信息显示
  • 放入我的书架
  • 预约/预借图书
  • 作者相关作品
  • 分类相关作品
  • 丛书相关作品
  • 出版社相关作品

书目信息

  • 表格格式
  • 工作单格式
  • 卡片格式
题名:
中华枸杞制膏研究与临床应用100问
    
 
作者: 蒋正国 , 张万昌 , 蒋乾聪 著
分册:  
出版信息: 北京   新华出版社  2018
页数: 223页
开本: 24cm
丛书名:
单 册:
中图分类: R283.62
科图分类:
主题词: 枸杞--膏剂--中药制剂学--基本知识
电子资源:
ISBN: 978-7-5166-4411-9
000 01142nam0 2200265 450
001 012001003569
005 20140102134133.0
010    @a978-7-5166-4411-9@dCNY86.00
100    @a20190731d2018 em y0chiy50 ea
101 0  @achi
102    @aCN@b110000
105    @aa z 000yy
106    @ar
200 1  @a中华枸杞制膏研究与临床应用100问@9zhong hua gou qi zhi gao yan jiu yu lin chuang ying yong 100 wen@d100 questions on the study and clinical application of Chinese wolfberry ointment@f蒋正国,张万昌,蒋乾聪著@zeng
210    @a北京@c新华出版社@d2018
215    @a223页@c彩图,彩照@d24cm
330    @a本书就枸杞养生膏的来源、化学成分、性质、功效、枸杞养生膏产品的医疗保健养生作用以及它的安全性、服用枸杞养生膏的注意事项等知识,以问答的形式详细做了介绍。
510 1  @a100 questions on the study and clinical application of Chinese wolfberry ointment@zeng
606 0  @a枸杞@x膏剂@x中药制剂学@x基本知识
690    @aR283.62@v5
701  0 @a蒋正国@9jiang zheng guo@4著
701  0 @a张万昌@9zhang wan chang@4著
701  0 @a蒋乾聪@9jiang qian cong@4著
801  0 @aCN@b北京卓展@c20191020
905    @b1212137-40@dR283.62@e522@f4
    
    中华枸杞制膏研究与临床应用100问=100 questions on the study and clinical application of Chinese wolfberry ointment/蒋正国,张万昌,蒋乾聪著.-北京:新华出版社,2018
    223页:彩图,彩照;24cm
    
    
    ISBN 978-7-5166-4411-9:CNY86.00
    本书就枸杞养生膏的来源、化学成分、性质、功效、枸杞养生膏产品的医疗保健养生作用以及它的安全性、服用枸杞养生膏的注意事项等知识,以问答的形式详细做了介绍。
●
相关链接 在E读中查询图书 在五车中查询图书 在当当中查询图书 在豆瓣中查询图书


正题名:中华枸杞制膏研究与临床应用100问     索取号:R283.62/522         预约/预借

序号 登录号 条形码 馆藏地/架位号 状态 备注
1 1212137   212121372   第二样本阅览室/ [索取号:R283.62/522] 在馆    
2 1212138   212121381   第三借阅区/ [索取号:R283.62/522] 在馆    
3 1212139   212121390   第三借阅区/ [索取号:R283.62/522] 在馆    
4 1212140   212121407   第三借阅区/ [索取号:R283.62/522] 在馆    
唐山师范学院图书馆 欢迎您!
大连网信软件有限公司© 版权所有